| 000 | 00326nam a22001217a 4500 | ||
|---|---|---|---|
| 008 | 160412b xxu||||| |||| 00| 0 eng d | ||
| 020 | _a2940396016 | ||
| 245 | _aHandbook of the International Red Cross and Red Crescent Movement | ||
| 250 | _a14th ed. | ||
| 260 |
_aGeneva _bIRCRC _c2008 |
||
| 300 | _a1281p. | ||
| 942 |
_2lcc _cBK |
||
| 999 |
_c15920 _d15920 |
||